|
|
|
|
| LEADER |
00709nta a2200205 i 4500 |
| 001 |
dokt5999 |
| 005 |
20220621134156.0 |
| 008 |
220621s1986 hu om 0|| hun d |
| 040 |
|
|
|a SZTE Doktori Repozitórium
|b hun
|
| 041 |
|
|
|a hun
|
| 100 |
1 |
|
|a Papp Péter
|
| 245 |
1 |
2 |
|a A Rhizobium meliloti 16-3 mérsékelt fág represszor régiójának szerkezeti analízise
|h [elektronikus dokumentum] /
|c Papp Péter
|
| 260 |
|
|
|c 1986
|
| 502 |
|
|
|a Disszertacio
|
| 650 |
|
4 |
|a biológiai tudományok
|
| 650 |
|
4 |
|a Természettudományok
|
| 650 |
|
4 |
|a Biológiai tudományok
|
| 695 |
|
|
|a Genetika
|
| 700 |
1 |
|
|a Dallmann Géza
|e ths
|
| 856 |
4 |
0 |
|u https://doktori.bibl.u-szeged.hu/id/eprint/5999/1/1986_papp_peter.pdf
|z Dokumentum-elérés
|